000 00404nam a2200157Ia 4500
008 100122s9999 xx 000 0 und d
082 _b76217
_aBM001
100 _aफळणीकर मृणालिणी
245 _aनुमजे मनी
250 _a1
260 _c1997
300 _a40
630 _aनुमजे मनी
730 _aनुमजे मनी
942 _cBOOK
999 _c392710
_d392707